000 00997cad a22002175a 4500
001 E153899
008 110919s2011 xxk f 000 0 eng d
020 _a9781780453385
022 1 _a2045-6964
035 _a(Sirsi) u153899
041 0 _aeng
100 2 _aFutak-Campbell, Beatrix
245 0 0 _aGuidance on the use of compulsory purchase
_ban analysis of consultation responses
_h[electronic resource]
260 _aEdinburgh
_bScottish Government
_c2011
520 _aPresents an analysis of the results of a consultation on two proposed new circulars on compulsory purchase and the amendment of the Crichel Down Rules. The consultation took place between 14 February and 6 May 2011.
590 _aKA
651 4 _aScotland
_y1999-
690 _aENVIRONMENTAL AND LAND CONSULTANCY-PLANNING AND DEVELOPMENT-COMPULSORY PURCHASE AND COMPENSATION
856 4 0 _uhttps://www.scotland.gov.uk/Publications/2011/08/23103120/0
_zView the report free of charge at www.scotland.gov.uk
942 _n0
999 _c112754
_d112754